| 000 | 00582nam a2200133Ia 4500 | ||
|---|---|---|---|
| 008 | 150609s9999 xx 000 0 und d | ||
| 050 |
_aHF 5415.335 _b.P649 2015 |
||
| 100 | _aPineda, Maverick Arthur D. | ||
| 245 |
_aCustomer satisfaction of selected BSBA students of the college food services of southville international school and colleges / _cMaverick Arthur D. Pineda. |
||
| 260 |
_aLas Piñas, Philippines : _bSISC, _c2015. |
||
| 300 |
_a53 pages : _billustrations ; _c28 cm. |
||
| 500 | _aIncludes bibliographical references and appendices. | ||
| 650 | _aConsumer satisfaction. | ||
| 999 |
_c285043 _d285043 |
||